[Event "Titled Tuesday intern op 12th Sep Early"]
[Site "Chess.com INT"]
[Date "2023.09.12"]
[Round "10"]
[White "Cardozo Munar, Carlos Eduardo"]
[Black "Fareh, Youness"]
[Result "0-1"]
[WhiteElo "2043"]
[BlackElo "2173"]
[PlyCount "76"]
[EventDate "2023.09.12"]
[EventType "swiss (blitz)"]
[EventRounds "11"]
[EventCountry "USA"]
[SourceTitle "EXT 2024"]
[Source "ChessBase"]
[SourceDate "2023.10.10"]
[SourceVersion "1"]
[SourceVersionDate "2023.10.10"]
[SourceQuality "1"]

1. e4 c5 2. Nf3 Nc6 3. Bc4 e6 4. Nc3 Nf6 5. 0-0 d6 6. Re1 Be7 7. d4 cxd4 8. Nxd4 0-0 9. h3 a6 10. a4 Qc7 11. Bg5 Rd8 12. Bb3 Na5 13. Ba2 Nc4 14. Rb1 Nxb2 15. Qf3 Nc4 16. Qg3 Ne5 17. f4 Qc5 18. Rbd1 Nc6 19. Nce2 Nxe4 20. Qe3 Nxg5 21. fxg5 Bxg5 22. Qf2 Nxd4 23. Nxd4 Bf6 24. Kh1 Bd7 25. Re2 Bxa4 26. Rf1 Qxd4 27. Qg3 Bb5 28. Ref2 Bxf1 29. Rxf1 Rac8 30. Rf4 Qd1+ 31. Kh2 Be5 32. Qg4 Bxf4+ 33. Qxf4 Qxc2 34. Bxe6 fxe6 35. Qg4 Qc4 36. Qf3 Rf8 37. Qxb7 Qf4+ 38. Kg1 Rc1# 0-1

[Event "Titled Tuesday intern op 12th Sep Early"]
[Site "Chess.com INT"]
[Date "2023.09.12"]
[Round "11"]
[White "Fareh, Youness"]
[Black "Van Baar, Esper"]
[Result "0-1"]
[WhiteElo "2173"]
[BlackElo "2176"]
[PlyCount "116"]
[EventDate "2023.09.12"]
[EventType "swiss (blitz)"]
[EventRounds "11"]
[EventCountry "USA"]
[SourceTitle "EXT 2024"]
[Source "ChessBase"]
[SourceDate "2023.10.10"]
[SourceVersion "1"]
[SourceVersionDate "2023.10.10"]
[SourceQuality "1"]

1. d4 Nf6 2. Bf4 d5 3. Nc3 a6 4. Nf3 e6 5. e3 c5 6. Be2 Nc6 7. h3 Bd6 8. Ne5 Qc7 9. Na4 cxd4 10. exd4 Nxe5 11. dxe5 Bxe5 12. Bxe5 Qxe5 13. Nb6 Rb8 14. 0-0 0-0 15. c3 Qc7 16. Qb3 Ne4 17. Rad1 Rd8 18. a4 Nc5 19. Qb4 a5 20. Qxa5 Nxa4 21. Qxa4 Qxb6 22. Qc2 Bd7 23. Bd3 g6 24. h4 Bb5 25. h5 Bxd3 26. Qxd3 Qc5 27. h6 b5 28. Qf3 Qf8 29. Qf4 Qe7 30. Rd4 e5 31. Re1 f6 32. Qh4 Rb6 33. Rb4 Re8 34. f4 e4 35. Rd4 Rd6 36. Red1 Qe6 37. Qf2 f5 38. Qd2 Red8 39. Qc2 Qe7 40. Qb3 Qd7 41. Qb4 Qc6 42. g3 Kf7 43. b3 Rc8 44. c4 bxc4 45. bxc4 Qc5 46. Qxc5 Rxc5 47. Rxd5 Rdxd5 48. Rxd5 Rxd5 49. cxd5 Ke7 50. Kf2 Kd6 51. Ke3 Kxd5 52. Kd2 Kd4 53. Ke2 e3 54. Kf3 Kd3 55. g4 e2 56. gxf5 gxf5 57. Kg3 e1Q+ 58. Kf3 Qe3+ 0-1

[Event "Titled Tuesday intern op 12th Sep Early"]
[Site "Chess.com INT"]
[Date "2023.09.12"]
[Round "7"]
[White "Herman, Daniel"]
[Black "Fareh, Youness"]
[Result "1-0"]
[WhiteElo "1927"]
[BlackElo "2173"]
[PlyCount "45"]
[EventDate "2023.09.12"]
[EventType "swiss (blitz)"]
[EventRounds "11"]
[EventCountry "USA"]
[SourceTitle "EXT 2024"]
[Source "ChessBase"]
[SourceDate "2023.10.10"]
[SourceVersion "1"]
[SourceVersionDate "2023.10.10"]
[SourceQuality "1"]

1. e4 c5 2. d4 cxd4 3. c3 dxc3 4. Nxc3 g6 5. Nf3 Bg7 6. Bc4 e6 7. Bg5 Ne7 8. 0-0 Nbc6 9. Nb5 0-0 10. Nd6 Bxb2 11. Rb1 Bg7 12. Qe2 a6 13. Nxb7 Bxb7 14. Rxb7 Rb8 15. Rfb1 Rxb7 16. Rxb7 f6 17. Bf4 d5 18. exd5 Nxd5 19. Qxe6+ Kh8 20. Bxd5 Re8 21. Qf7 Ne7 22. Bb3 Nf5 23. Rb8 1-0

[Event "Titled Tuesday intern op 29th Nov Late"]
[Site "Chess.com INT"]
[Date "2022.11.29"]
[Round "11"]
[White "Andreassen, Lars"]
[Black "Fareh, Youness"]
[Result "1-0"]
[WhiteElo "2168"]
[BlackElo "2173"]
[PlyCount "107"]
[EventDate "2022.11.29"]
[EventType "swiss (blitz)"]
[EventRounds "11"]
[EventCountry "USA"]
[SourceTitle "EXT 2024"]
[Source "ChessBase"]
[SourceDate "2023.10.10"]
[SourceVersion "1"]
[SourceVersionDate "2023.10.10"]
[SourceQuality "1"]

1. d4 Nf6 2. Nf3 d5 3. Bg5 Nbd7 4. e3 h6 5. Bh4 e6 6. c4 Be7 7. Nc3 0-0 8. Qc2 c6 9. Bd3 dxc4 10. Bxc4 b5 11. Bd3 Bb7 12. 0-0 a6 13. a3 Rc8 14. b4 Nb6 15. e4 Nfd7 16. Bxe7 Qxe7 17. Rfe1 e5 18. h3 exd4 19. Nxd4 Ne5 20. Nf5 Qf6 21. Bf1 Nbc4 22. f4 Ng6 23. e5 Qe6 24. Nd4 Qd7 25. Rad1 Qe7 26. f5 Ngxe5 27. Bxc4 bxc4 28. Ne4 f6 29. Nc5 Rfd8 30. Nde6 Rxd1 31. Rxd1 Nd3 32. Nxd3 cxd3 33. Qxd3 c5 34. bxc5 Bc6 35. Qd6 Qb7 36. Rd2 Be4 37. Qf4 Qb1+ 38. Kh2 Bxf5 39. Rd8+ Rxd8 40. Nxd8 Be4 41. Ne6 Qb2 42. Qxe4 Qb8+ 43. Qf4 Qc8 44. Qd6 a5 45. Qd8+ Qxd8 46. Nxd8 Kf8 47. c6 Ke7 48. Nb7 a4 49. Kg3 g6 50. Kf4 Ke6 51. g4 g5+ 52. Ke4 Ke7 53. Kf5 Kf7 54. c7 1-0

[Event "Titled Tuesday intern op 29th Nov Late"]
[Site "Chess.com INT"]
[Date "2022.11.29"]
[Round "7"]
[White "Fareh, Youness"]
[Black "Kovacevic, Radmila"]
[Result "0-1"]
[WhiteElo "2173"]
[BlackElo "2113"]
[PlyCount "72"]
[EventDate "2022.11.29"]
[EventType "swiss (blitz)"]
[EventRounds "11"]
[EventCountry "USA"]
[SourceTitle "EXT 2024"]
[Source "ChessBase"]
[SourceDate "2023.10.10"]
[SourceVersion "1"]
[SourceVersionDate "2023.10.10"]
[SourceQuality "1"]

1. Nf3 e5 2. Nxe5 Nc6 3. Nxc6 dxc6 4. g3 Bd6 5. Bg2 h5 6. h4 g5 7. e3 gxh4 8. Rxh4 Bg4 9. Bf3 Be7 10. Rh1 Nf6 11. b3 Qd7 12. Bb2 0-0-0 13. Nc3 Qf5 14. Bxg4 hxg4 15. Rf1 Rh2 16. Qe2 Qxc2 17. d4 Qf5 18. 0-0-0 Bb4 19. a3 Bxc3 20. Bxc3 Ne4 21. Be1 c5 22. d5 a6 23. Rd3 Rxd5 24. Rxd5 Qxd5 25. Qxg4+ Kb8 26. Qd1 Qf5 27. f4 Nd6 28. Rf2 Rh1 29. Re2 Qe6 30. Qd3 c4 31. bxc4 Nxc4 32. Qd8+ Ka7 33. Qd4+ Nb6 34. Kb2 Qc6 35. Bc3 Qb5+ 36. Ka2 Qxe2+ 0-1

[Event "Montreal Noel op"]
[Site "Montreal"]
[Date "2018.12.26"]
[Round "1"]
[White "Fareh, Youness"]
[Black "Zheng, Richard"]
[Result "0-1"]
[WhiteElo "2173"]
[BlackElo "1945"]
[PlyCount "88"]
[EventDate "2018.12.26"]
[EventType "swiss"]
[EventRounds "5"]
[EventCountry "CAN"]
[SourceTitle "CBM 188 Extra"]
[Source "ChessBase"]
[SourceDate "2019.02.26"]
[SourceVersion "1"]
[SourceVersionDate "2019.02.26"]
[SourceQuality "1"]

1. Nf3 Nf6 2. c4 c6 3. d4 d5 4. Nc3 e6 5. g3 Nbd7 6. Bg2 Bd6 7. 0-0 0-0 8. b3 a6 9. c5 Bc7 10. Na4 Ne4 11. Nd2 f5 12. f4 Nxd2 13. Bxd2 Nf6 14. e3 Bd7 15. Nb2 Be8 16. Nd3 Bh5 17. Qe1 Ne4 18. Rc1 g5 19. Bxe4 fxe4 20. Ne5 Bxe5 21. dxe5 Bf3 22. Ba5 Qe7 23. Qd2 g4 24. Kf2 Rf5 25. Ke1 Kf7 26. Rf2 Rh5 27. Qb4 Rh3 28. Kd2 h5 29. Kc3 h4 30. gxh4 Rxh4 31. Kd4 Rh3 32. Qb6 Rh7 33. Rb2 Rah8 34. Rcc2 Kg6 35. Be1 Ra8 36. a4 Kf5 37. Bg3 a5 38. b4 Ra6 39. bxa5 Rxb6 40. Rxb6 Bd1 41. Ra2 Qe8 42. Rb1 Bf3 43. Rab2 Qa8 44. Be1 Qa6 0-1

[Event "Montreal Mercredi 04"]
[Site "Montreal"]
[Date "2015.04.15"]
[Round "3"]
[White "Jacquet, Stephane"]
[Black "Fareh, Youness"]
[Result "1-0"]
[WhiteElo "1995"]
[BlackElo "2045"]
[PlyCount "43"]
[EventDate "2015.04.01"]
[EventType "swiss"]
[EventRounds "5"]
[EventCountry "CAN"]
[SourceTitle "EXT 2022"]
[Source "ChessBase"]
[SourceDate "2021.10.06"]
[SourceVersion "1"]
[SourceVersionDate "2021.10.06"]
[SourceQuality "1"]

1. d4 Nf6 2. c4 g6 3. Nc3 Bg7 4. e4 d6 5. Nf3 0-0 6. Be2 e5 7. 0-0 exd4 8. Nxd4 Re8 9. f3 Nc6 10. Nc2 Nh5 11. Nd5 Be6 12. f4 Nf6 13. Bf3 Qd7 14. Nce3 Rad8 15. Nxf6+ Bxf6 16. f5 gxf5 17. exf5 Bxc4 18. Nxc4 d5 19. Na3 Qxf5 20. Bg4 Bd4+ 21. Kh1 Qg6 22. Bh5 1-0

[Event "Quebec-ch Elite qual"]
[Site "Montreal"]
[Date "2010.05.09"]
[Round "4"]
[White "Zhu, Hong Rui"]
[Black "Fareh, Youness"]
[Result "1-0"]
[WhiteElo "1807"]
[BlackElo "2129"]
[PlyCount "73"]
[EventDate "2010.05.07"]
[EventType "swiss"]
[EventRounds "5"]
[EventCountry "CAN"]
[SourceTitle "EXT 2013"]
[Source "ChessBase"]
[SourceDate "2012.11.22"]
[SourceVersion "1"]
[SourceVersionDate "2012.11.22"]
[SourceQuality "1"]

1. e4 c5 2. Nf3 Nc6 3. d4 cxd4 4. Nxd4 Nf6 5. Nc3 e6 6. a3 Be7 7. Be3 0-0 8. Be2 a6 9. 0-0 Qc7 10. Qd2 Ne5 11. h3 Nc4 12. Bxc4 Qxc4 13. e5 Nd5 14. Nxd5 Qxd5 15. Nf3 Qxd2 16. Nxd2 d6 17. exd6 Bxd6 18. Nc4 Bc7 19. Bb6 Bxb6 20. Nxb6 Rb8 21. Rfe1 f6 22. f4 e5 23. fxe5 fxe5 24. Rxe5 Bf5 25. c3 Rbd8 26. Rf1 g6 27. Re7 Rd2 28. Rf2 Rxf2 29. Kxf2 Be4+ 30. Kg3 Bc6 31. Nc4 Rf5 32. Re5 Rf6 33. Na5 Kf7 34. Rc5 Rd6 35. Nxb7 Rd3+ 36. Kh2 Be4 37. Rc7+ 1-0

[Event "Montreal op"]
[Site "Montreal"]
[Date "2009.09.13"]
[Round "4"]
[White "Fareh, Youness"]
[Black "Falardeau, Bruno"]
[Result "1-0"]
[WhiteElo "2140"]
[BlackElo "2024"]
[PlyCount "85"]
[EventDate "2009.09.11"]
[EventType "swiss"]
[EventRounds "5"]
[EventCountry "CAN"]
[SourceTitle "EXT 2011"]
[Source "ChessBase"]
[SourceDate "2010.11.26"]
[SourceVersion "1"]
[SourceVersionDate "2010.11.26"]
[SourceQuality "1"]

1. c4 e5 2. Nc3 Nf6 3. Nf3 d6 4. g3 g6 5. Bg2 Bg7 6. 0-0 0-0 7. d3 c6 8. Rb1 a5 9. Bg5 Qc7 10. Qc2 Na6 11. a3 Nc5 12. b4 Ne6 13. Bd2 axb4 14. axb4 d5 15. cxd5 cxd5 16. Qb3 Rd8 17. Rfc1 Qd6 18. e3 Bd7 19. d4 exd4 20. Nxd4 Nxd4 21. exd4 Bf5 22. Ra1 Rxa1 23. Rxa1 Ne4 24. Be3 h5 25. h4 Bf8 26. b5 Nxc3 27. Qxc3 Be4 28. Rc1 Bxg2 29. Kxg2 Qb6 30. Qc7 Rd6 31. Qb8 Rd8 32. Qc7 Rd6 33. Qxb6 Rxb6 34. Rb1 Bg7 35. Kf3 Re6 36. Rc1 Bf8 37. Bf4 Bb4 38. Rc8+ Kg7 39. Rd8 f6 40. Rxd5 Kf8 41. Bc7 b6 42. Rd8+ Ke7 43. d5 1-0

[Event "Montreal op"]
[Site "Montreal"]
[Date "2009.09.11"]
[Round "1"]
[White "Melia, Salome"]
[Black "Fareh, Youness"]
[Result "1-0"]
[WhiteElo "2441"]
[BlackElo "2140"]
[PlyCount "99"]
[EventDate "2009.09.11"]
[EventType "swiss"]
[EventRounds "5"]
[EventCountry "CAN"]
[SourceTitle "EXT 2011"]
[Source "ChessBase"]
[SourceDate "2010.11.26"]
[SourceVersion "1"]
[SourceVersionDate "2010.11.26"]
[SourceQuality "1"]

1. e4 c5 2. Nf3 Nc6 3. d4 cxd4 4. Nxd4 Nf6 5. Nc3 e6 6. Ndb5 Bb4 7. a3 Bxc3+ 8. Nxc3 d5 9. exd5 exd5 10. Bd3 d4 11. Ne2 0-0 12. 0-0 Bg4 13. f3 Bh5 14. b4 a6 15. Bb2 Nd5 16. Rf2 Kh8 17. Nxd4 Nxd4 18. Bxd4 Nxb4 19. Bxg7+ Kxg7 20. axb4 Qd4 21. Be4 Qxb4 22. Qd5 Bg6 23. Qxb7 Qxb7 24. Bxb7 Ra7 25. Bd5 Rc8 26. c4 Bd3 27. Ra3 Bg6 28. Rfa2 Kf6 29. f4 Ke7 30. Rxa6 Rac7 31. Re2+ Kf8 32. Re3 h5 33. Kf2 Rb8 34. Ra2 Rb1 35. Re5 Kg7 36. Re3 Rd1 37. Rea3 Rc1 38. Ra7 Rxa7 39. Rxa7 Kf6 40. Ke3 Rd1 41. Ke2 Rd4 42. Ra6+ Ke7 43. Ke3 Rd3+ 44. Kf2 h4 45. h3 Rd4 46. Kf3 Bh5+ 47. Ke3 Rd1 48. f5 Rf1 49. f6+ Kd7 50. c5 1-0

[Event "Quebec-ch sf final-2"]
[Site "Montreal"]
[Date "2009.06.14"]
[Round "4"]
[White "Fareh, Youness"]
[Black "Masse, Hugues"]
[Result "1/2-1/2"]
[WhiteElo "2175"]
[BlackElo "2266"]
[PlyCount "129"]
[EventDate "2009.06.12"]
[EventType "tourn"]
[EventRounds "5"]
[EventCountry "CAN"]
[SourceTitle "EXT 2011"]
[Source "ChessBase"]
[SourceDate "2010.11.26"]
[SourceVersion "1"]
[SourceVersionDate "2010.11.26"]
[SourceQuality "1"]

1. Nf3 Nf6 2. g3 g6 3. Bg2 Bg7 4. 0-0 0-0 5. c4 d5 6. d4 dxc4 7. Na3 Nc6 8. Nxc4 Be6 9. Nce5 Bd5 10. Qa4 Qe8 11. Qc2 Qc8 12. Bg5 h6 13. Bxf6 exf6 14. Nxc6 Bxc6 15. e4 f5 16. exf5 Qxf5 17. Qxf5 gxf5 18. Nh4 Bd7 19. Rfd1 Bf6 20. Nf3 c6 21. Ne5 Be6 22. f4 Rfd8 23. Kf2 Bd5 24. Bh3 Be4 25. Ke3 Bg7 26. Rac1 Rd5 27. Bf1 Rad8 28. Bc4 Bxe5 29. Bxd5 Bxd4+ 30. Rxd4 Bxd5 31. a4 Kg7 32. b4 a6 33. Kd2 Kf6 34. Re1 Rc8 35. b5 axb5 36. axb5 Ra8 37. bxc6 bxc6 38. Kc3 Ra3+ 39. Kb4 Ra2 40. h3 Rh2 41. h4 Rb2+ 42. Kc5 Rb3 43. Rg1 Rc3+ 44. Kd6 Bf3 45. Rb4 Bg4 46. Rbb1 Bf3 47. Rbc1 Rd3+ 48. Kc5 Bd5 49. Rcd1 Rc3+ 50. Kd6 Ra3 51. Ra1 Rd3 52. Kc5 Rc3+ 53. Kd4 Rb3 54. Ra8 Rb4+ 55. Kc5 Rc4+ 56. Kd6 Re4 57. Rg8 Re6+ 58. Kc5 Bf3 59. Ra1 Re3 60. Ra6 Rc3+ 61. Kd4 Rb3 62. Rd8 Bg2 63. Rg8 Bf3 64. Kc4 Bd5+ 65. Kd4 1/2-1/2

[Event "Quebec-ch qual"]
[Site "Montreal"]
[Date "2008.10.11"]
[Round "3"]
[White "Fareh, Youness"]
[Black "Forget, Luc"]
[Result "1-0"]
[WhiteElo "2175"]
[BlackElo "2207"]
[PlyCount "83"]
[EventDate "2008.10.10"]
[EventType "swiss"]
[EventRounds "5"]
[EventCountry "CAN"]
[SourceTitle "EXT 2011"]
[Source "ChessBase"]
[SourceDate "2010.11.26"]
[SourceVersion "1"]
[SourceVersionDate "2010.11.26"]
[SourceQuality "1"]

1. Nf3 Nf6 2. g3 d5 3. c4 c6 4. d4 e6 5. Bg2 Be7 6. 0-0 0-0 7. b3 b6 8. Bb2 Bb7 9. Nbd2 Nbd7 10. Ne5 Rc8 11. Rc1 Re8 12. e3 Nf8 13. f4 Qc7 14. g4 Qb8 15. g5 N6d7 16. Qg4 Bd6 17. h4 Re7 18. h5 c5 19. g6 fxg6 20. hxg6 h6 21. Rf2 cxd4 22. exd4 Nf6 23. Qg3 Bb4 24. a3 Bxd2 25. Rxd2 dxc4 26. bxc4 Bxg2 27. Qxg2 Qb7 28. d5 exd5 29. cxd5 Rxc1+ 30. Bxc1 Qc8 31. Rc2 Qf5 32. d6 Re8 33. Rc7 Qe6 34. Qb7 N6d7 35. Bd2 Qxd6 36. Nxd7 Qxg6+ 37. Kf2 Qd6 38. Be3 Nxd7 39. Rxd7 Qf6 40. Qd5+ Kh8 41. Rxg7 Qh4+ 42. Rg3 1-0

[Event "Montreal op"]
[Site "Montreal"]
[Date "2008.09.13"]
[Round "2"]
[White "Bolduc, Steve"]
[Black "Fareh, Youness"]
[Result "1-0"]
[WhiteElo "2327"]
[BlackElo "2169"]
[PlyCount "43"]
[EventDate "2008.09.12"]
[EventType "swiss"]
[EventRounds "5"]
[EventCountry "CAN"]
[SourceTitle "EXT 2011"]
[Source "ChessBase"]
[SourceDate "2010.11.26"]
[SourceVersion "1"]
[SourceVersionDate "2010.11.26"]
[SourceQuality "1"]

1. d4 d5 2. c4 c6 3. Nc3 Nf6 4. Nf3 e6 5. Bg5 Nbd7 6. e3 Bb4 7. Bd3 Qa5 8. 0-0 Bxc3 9. bxc3 dxc4 10. Bxc4 Ne4 11. Bh4 Qxc3 12. Rc1 Qa3 13. Qc2 Nef6 14. e4 b5 15. Bxb5 0-0 16. Bxc6 Rb8 17. e5 Nd5 18. Ng5 g6 19. Bxd5 exd5 20. Qc6 Nb6 21. e6 Bxe6 22. Nxe6 1-0

[Event "Montreal op"]
[Site "Montreal"]
[Date "2008.09.12"]
[Round "1"]
[White "Fareh, Youness"]
[Black "Gauthier, Denis"]
[Result "1-0"]
[WhiteElo "2169"]
[BlackElo "1891"]
[PlyCount "65"]
[EventDate "2008.09.12"]
[EventType "swiss"]
[EventRounds "5"]
[EventCountry "CAN"]
[SourceTitle "EXT 2011"]
[Source "ChessBase"]
[SourceDate "2010.11.26"]
[SourceVersion "1"]
[SourceVersionDate "2010.11.26"]
[SourceQuality "1"]

1. Nf3 Nf6 2. c4 b6 3. g3 e6 4. Bg2 Bb7 5. 0-0 c5 6. Nc3 Be7 7. e3 0-0 8. d4 d6 9. d5 exd5 10. Nxd5 Nxd5 11. cxd5 Nd7 12. e4 a6 13. a4 Bf6 14. Qc2 Re8 15. Bd2 b5 16. axb5 axb5 17. Bc3 Qe7 18. Nd2 Bxc3 19. Qxc3 Nb6 20. f4 f5 21. Qb3 fxe4 22. Bxe4 Qd7 23. Qd3 Kh8 24. Rae1 c4 25. Qd4 Na4 26. f5 Nc5 27. f6 Re5 28. Rf4 Rae8 29. Ref1 gxf6 30. Rxf6 Qg7 31. Rf7 Qg5 32. Nf3 Nb3 33. Qxe5+ 1-0

[Event "Quebec op U2400"]
[Site "Montreal"]
[Date "2008.07.25"]
[Round "7"]
[White "Oussedik, Elias"]
[Black "Fareh, Youness"]
[Result "0-1"]
[WhiteElo "1980"]
[BlackElo "2178"]
[PlyCount "54"]
[EventDate "2008.07.19"]
[EventType "swiss"]
[EventRounds "9"]
[EventCountry "CAN"]
[SourceTitle "EXT 2011"]
[Source "ChessBase"]
[SourceDate "2010.11.26"]
[SourceVersion "1"]
[SourceVersionDate "2010.11.26"]
[SourceQuality "1"]

1. e4 c5 2. Nf3 e6 3. d4 cxd4 4. Nxd4 Nf6 5. Nc3 Nc6 6. Ndb5 Bb4 7. a3 Bxc3+ 8. Nxc3 d5 9. exd5 exd5 10. Bd3 0-0 11. 0-0 d4 12. Ne2 Bg4 13. f3 Bh5 14. b4 a6 15. Nf4 Bg6 16. Nxg6 hxg6 17. f4 Ne7 18. Qf3 Qd5 19. Qxd5 Nfxd5 20. Bd2 Rfe8 21. Rfe1 Nf5 22. Rxe8+ Rxe8 23. Re1 Nfe3 24. g3 Kf8 25. Bc1 Rc8 26. Bb2 Nc3 27. Kf2 Ned1+ 0-1